00560nam a22001692 4500001001100000005001700011008004100028020001300069040001500082110004400097245008600141250001400227260003000241300001700271650005300288650004900341000000941720151217155839.0081021s xx 000 0 eng d cDonation aKABUcKABU2 aKenya.bMinistry of Health.@000015609310aKenya national guidelines on nutrition and HIV/AIDS /cKenya. Ministry of Health. aRev. ed. aNairobi :bUnicef,c2007. axiv, 108 p. 0aAIDS (Disease)xNutritional aspects.@0000160848 0aHIV-positive personsxNutrition.@0000160849